00494 2200181 4500001002100000005001500021008004100036020002200077035001900099041000700118082001000125090001600135100002000151245003100171260003000202300003000232650005000262INLIS00000000000897120241224113736241224||||||||| | ||| |||| || |  a978-602-84-5886-3 0010-1224008971 aEI0 a741.3 a741.3 AMI m0 aArleen Amidjaja00aMy Hobby Is Playing Music! aBandungbSalamadanic2012 a20x20 cm, 24 hlm.; ilus.: 0aCerita Anak -- cerita bergambar -- komik anak